| 000 | 00690nam a2200229Ia 4500 | ||
|---|---|---|---|
| 003 | OSt | ||
| 005 | 20220918105350.0 | ||
| 006 | a|||||r|||| 00| 0 | ||
| 007 | ta | ||
| 008 | 220915b |||||||| |||| 00| 0 per d | ||
| 024 | _a62,025 | ||
| 037 | _cReference Collections | ||
| 040 |
_aARTS _cARTS _bper |
||
| 041 |
_2per _aper |
||
| 082 | _aP111:J:4k, 164K4.2 | ||
| 100 |
_aKashani Abbas Aaryanpur Au. _9531 |
||
| 245 | 0 | _aFarhang-e-Kamil jadeed Englishi Farsi | |
| 260 | _c1964 | ||
| 650 |
_aENGLISH LANGUAGE - DICTIONARIES _9532 |
||
| 942 |
_hP111:J:4k, 164K4.2 _cREF |
||
| 999 |
_c106394 _d106394 |
||